Biggest Cities in Oceania with Exceptions - Statistics

General Stats
  • This quiz has been taken 16 times
  • The average score is 8 of 13
Answers on the Map
Answers color-coded by a green-red scale on the quiz's map according to % correct below.
 
Answer Stats
Population City Country % Correct
1,715,600 Auckland New Zealand
100%
364,145 Port Moresby Papua New Guinea
100%
215,200 Wellington New Zealand
100%
384,800 Christchurch New Zealand
88%
87,000 Suva Fiji
88%
84,520 Honiara Solomon Islands
63%
179,509 Nouméa New Caledonia
56%
133,300 Dunedin New Zealand
50%
100,677 Lae Papua New Guinea
38%
178,500 Hamilton New Zealand
31%
90,500 Palmerston North New Zealand
25%
136,771 Papeete French Polynesia
25%
155,200 Tauranga New Zealand
25%
No matching quizzes found
Score Distribution
Percent of People with Each Score
Percentile by Number Answered
Your Score History
You have not taken this quiz